000 02285nam0a2200349 i 4500
001 RU\NLR\BIBL_A\010721039
005 20240921202334.0
010 _a9785726409764
_9100
021 _aRU
_b2015-10780
_9657
035 _a(NILC)RuMoRGB-007875052
035 _a(NLR Aleph) 010721039
090 _a9819958
_c9819958
100 _a20150407d2014 k y0rusy50 ca
101 0 _arus
102 _aRU
105 _aa z 100yy
200 1 _aНаномодифицированные полимерные композиты пониженной горючести
_eсборник докладов участников круглого стола Международной научной конференции "Интеграция, партнерство и инновации в строительной науке и образовании" (12-13 ноября 2014 г.)
_f[редкол.: проф., д.х.н., засл. деятель науки РФ А. А. Аскадский и др.]
210 _aМосква
_cМИСИ-МГСУ
_d2014
215 _a118 с.
_cил.
_d21
300 _aВ надзаг.: М-во образования и науки Рос. Федерации, Федер. гос. бюджет. образоват. учреждение высш. проф. образования "Московский гос. строит. ун-т", [Ин-т стр-ва и архитектуры]
320 _aБиблиогр. в конце ст.
606 _aСтроительные материалы полимерные
_jСъезды, совещания и т.п
_xОгнестойкость
_91706166
_3RU\NLR\AUTH\661057817
686 1 _aН360.063.7я431(0)
702 1 _aАскадский
_bА. А.
_gАндрей Александрович
_4340
711 1 2 _a"Интеграция, партнерство и инновации в строительной науке и образовании", международная научная конференция
_eМосква
_f2014
_9460701
_3RU\NLR\AUTH\880397060
801 0 _aRU
_bРГБ
_c20150225
_gRCR
801 1 _aRU
_bРГБ
_c20150225
_2rusmarc
942 _cBOOK
980 _aNBR